| 000 | 00530nam a2200145Ia 4500 | ||
|---|---|---|---|
| 008 | 140724s9999 xx 000 0 und d | ||
| 050 |
_aTS 155 _b.R457 2011 |
||
| 100 | _aReyes, Romyr Payas. | ||
| 245 |
_aOnline helpdesk information organizer (OHIO) for Southville International School and Colleges / _cRomyr Payas Reyes. |
||
| 260 |
_aLas PiƱas, Philippines : _bSouthville International School and Colleges, _cc2011. |
||
| 300 |
_a58 p. : _bill. ; _c28 cm. |
||
| 521 | _aInformation Technology | ||
| 942 | _cTH | ||
| 999 |
_c228797 _d228797 |
||